000 00572nam a2200193 a 4500
005 20140310183239.0
008 040923s19uu xx 00 eng d
020 _a9788185392929
050 _aQA 76.15
_b.C699 1994
100 _aCollin, S.M.H.
245 _aDictionary of information technology /
_cS.M.H. Collin.
260 _aNew Delhi :
_bPeter Collin Publishing Ltd.,
_c1994.
300 _a232 p. :
_c22 cm.
650 _aElectronic data processing
_xDictionaries
650 _aComputers
_xDictionaries.
942 _cBK
_2lcc
999 _c20586
_d20586